| 000 | 00538nam a22002057a 4500 | ||
|---|---|---|---|
| 003 | OSt | ||
| 005 | 20160423124514.0 | ||
| 008 | 160423b xxu||||| |||| 00| 0 eng d | ||
| 020 | _a0443066183 | ||
| 040 | _cDNLM | ||
| 082 | _aWO200 W62a 2005 | ||
| 100 |
_aedited by Miller, Ronald D. _98215 |
||
| 245 | _aMiller's Anesthesia Vol.2 | ||
| 250 | _a6th ed. | ||
| 260 | _aPennsylvania; Elsevier, 2005 | ||
| 300 | _axviii,3198p; col.ill: 28cm | ||
| 504 | _aAppendex, & index included | ||
| 650 |
_aAnesthesia _93094 |
||
| 942 |
_2z _cO_SHELF |
||
| 999 |
_c3714 _d3714 |
||